Memòria 1982 / Generalitat de Catalunya, Institut Català de Serveis a la Joventut
Publicado:
Barcelona :
Generalitat de Catalunya, Departament de la Presidència, Servei Central de Publicacions ,
1983
Descripción Física:
95 p. : il., col. ; 30 cm
MARC
| LEADER | 00000nam a2200000Ia 4500 | ||
|---|---|---|---|
| 001 | 1349 | ||
| 003 | BGR | ||
| 005 | 20260324175220.0 | ||
| 008 | 160829s1983 xx 000 0 cat d | ||
| 080 | |a S-1-109 | ||
| 110 | 2 | |a Institut Català de Serveis a la Joventut |9 71087 | |
| 245 | |a Memòria 1982 / Generalitat de Catalunya, Institut Català de Serveis a la Joventut | ||
| 260 | |a Barcelona : |b Generalitat de Catalunya, Departament de la Presidència, Servei Central de Publicacions, |c 1983 | ||
| 300 | |a 95 p. : |b il., col. ; |c 30 cm | ||
| 650 | |a Institut Català de Serveis a la Joventut |x Memòries |9 20877 | ||
| 901 | |a Arxiu | ||
| 942 | |n 1 |2 udc |c MON | ||
| 952 | |0 0 |1 0 |4 0 |6 S1109 |7 1 |9 41724 |a Arxiu |b Arxiu |d 2016-12-01 |l 0 |o S-1-109 |p 1349 |r 2016-12-01 00:00:00 |w 2016-12-01 |y ARXIU | ||
| 999 | |c 43614 |d 43614 | ||